<?xml version="1.0" encoding="UTF-8"?>
<record
    xmlns:xsi="http://www.w3.org/2001/XMLSchema-instance"
    xsi:schemaLocation="http://www.loc.gov/MARC21/slim http://www.loc.gov/standards/marcxml/schema/MARC21slim.xsd"
    xmlns="http://www.loc.gov/MARC21/slim">

  <leader>01100cam a2200265 i 4500</leader>
  <controlfield tag="003">SA-RiAUC</controlfield>
  <controlfield tag="005">20250715084636.0</controlfield>
  <controlfield tag="008">250714s1996    su     g      000r0 ara c</controlfield>
  <datafield tag="020" ind1=" " ind2=" ">
    <subfield code="a">9960312585</subfield>
  </datafield>
  <datafield tag="040" ind1=" " ind2=" ">
    <subfield code="a">SA-RiAUC</subfield>
    <subfield code="b">ara</subfield>
    <subfield code="c">SA-RiAUC</subfield>
    <subfield code="e">rda</subfield>
  </datafield>
  <datafield tag="043" ind1=" " ind2=" ">
    <subfield code="a">a-su---</subfield>
  </datafield>
  <datafield tag="082" ind1="0" ind2="4">
    <subfield code="a">344.53101</subfield>
    <subfield code="q">SA-RiAUC</subfield>
  </datafield>
  <datafield tag="090" ind1=" " ind2=" ">
    <subfield code="a">344.53101</subfield>
    <subfield code="b">&#x627; &#x628; &#x646; &#x645;</subfield>
  </datafield>
  <datafield tag="100" ind1="1" ind2=" ">
    <subfield code="a">&#x627;&#x628;&#x646; &#x645;&#x62D;&#x641;&#x648;&#x638;&#x60C; &#x639;&#x628;&#x62F; &#x627;&#x644;&#x644;&#x647; &#x645;&#x631;&#x639;&#x64A; &#x645;&#x628;&#x627;&#x631;&#x643;&#x60C;</subfield>
    <subfield code="d">1387 &#x647;&#x62C;&#x631;&#x64A;-</subfield>
    <subfield code="e">&#x645;&#x624;&#x644;&#x641;.</subfield>
  </datafield>
  <datafield tag="245" ind1="1" ind2="0">
    <subfield code="a">&#x62D;&#x642;&#x648;&#x642; &#x648;&#x627;&#x644;&#x62A;&#x632;&#x627;&#x645;&#x627;&#x62A; &#x627;&#x644;&#x639;&#x627;&#x645;&#x644; &#x648;&#x635;&#x627;&#x62D;&#x628; &#x627;&#x644;&#x639;&#x645;&#x644; &#x641;&#x64A; &#x627;&#x644;&#x646;&#x638;&#x627;&#x645; &#x627;&#x644;&#x633;&#x639;&#x648;&#x62F;&#x64A; /</subfield>
    <subfield code="c">&#x639;&#x628;&#x62F; &#x627;&#x644;&#x644;&#x647; &#x645;&#x631;&#x639;&#x64A; &#x628;&#x646; &#x645;&#x62D;&#x641;&#x648;&#x638;.</subfield>
  </datafield>
  <datafield tag="264" ind1=" " ind2="1">
    <subfield code="a">&#x62C;&#x62F;&#x629;&#x60C; &#x627;&#x644;&#x633;&#x639;&#x648;&#x62F;&#x64A;&#x629; :</subfield>
    <subfield code="b">&#x639;&#x628;&#x62F; &#x627;&#x644;&#x644;&#x647; &#x645;&#x631;&#x639;&#x64A; &#x645;&#x62D;&#x641;&#x648;&#x638;&#x60C;</subfield>
    <subfield code="c">1996.</subfield>
  </datafield>
  <datafield tag="300" ind1=" " ind2=" ">
    <subfield code="a">388 &#x635;&#x641;&#x62D;&#x629; &#x61B;</subfield>
    <subfield code="c">24 &#x633;&#x645;.</subfield>
  </datafield>
  <datafield tag="336" ind1=" " ind2=" ">
    <subfield code="a">&#x646;&#x635;</subfield>
    <subfield code="b">txt</subfield>
    <subfield code="2">rdacontent</subfield>
    <subfield code="3">&#x643;&#x62A;&#x627;&#x628;</subfield>
  </datafield>
  <datafield tag="337" ind1=" " ind2=" ">
    <subfield code="a">&#x628;&#x62F;&#x648;&#x646; &#x648;&#x633;&#x64A;&#x637;</subfield>
    <subfield code="b">n</subfield>
    <subfield code="2">rdamedia</subfield>
  </datafield>
  <datafield tag="338" ind1=" " ind2=" ">
    <subfield code="a">&#x645;&#x62C;&#x644;&#x62F;</subfield>
    <subfield code="b">nc</subfield>
    <subfield code="2">rdacarrier</subfield>
  </datafield>
  <datafield tag="490" ind1="0" ind2=" ">
    <subfield code="a">&#x627;&#x644;&#x627;&#x633;&#x62A;&#x634;&#x627;&#x631;&#x627;&#x62A; &#x627;&#x644;&#x642;&#x627;&#x646;&#x648;&#x646;&#x64A;&#x629; &#x648;&#x627;&#x644;&#x645;&#x62D;&#x627;&#x645;&#x627;&#x629; &#x61B;</subfield>
    <subfield code="v">3</subfield>
  </datafield>
  <datafield tag="650" ind1=" " ind2="7">
    <subfield code="a">&#x627;&#x644;&#x639;&#x645;&#x644;</subfield>
    <subfield code="x">&#x642;&#x648;&#x627;&#x646;&#x64A;&#x646; &#x648;&#x62A;&#x634;&#x631;&#x64A;&#x639;&#x627;&#x62A;</subfield>
    <subfield code="z">&#x627;&#x644;&#x633;&#x639;&#x648;&#x62F;&#x64A;&#x629;</subfield>
    <subfield code="2">aucsh</subfield>
  </datafield>
  <datafield tag="942" ind1=" " ind2=" ">
    <subfield code="2">ddc</subfield>
    <subfield code="c">BOOK</subfield>
    <subfield code="n">0</subfield>
  </datafield>
  <datafield tag="949" ind1=" " ind2=" ">
    <subfield code="a">SA-JeALM</subfield>
    <subfield code="d">250714</subfield>
    <subfield code="u">mohamedma123</subfield>
    <subfield code="n">1</subfield>
  </datafield>
  <datafield tag="952" ind1=" " ind2=" ">
    <subfield code="0">0</subfield>
    <subfield code="1">0</subfield>
    <subfield code="2">ddc</subfield>
    <subfield code="4">0</subfield>
    <subfield code="7">0</subfield>
    <subfield code="a">WAHAB</subfield>
    <subfield code="b">WAHAB</subfield>
    <subfield code="d">2025-07-15</subfield>
    <subfield code="l">0</subfield>
    <subfield code="o">344.53101 &#x627; &#x628; &#x646; &#x645;</subfield>
    <subfield code="p">000016102</subfield>
    <subfield code="r">2025-07-15 08:47:21</subfield>
    <subfield code="w">2025-07-15</subfield>
    <subfield code="y">BOOK</subfield>
  </datafield>
  <datafield tag="999" ind1=" " ind2=" ">
    <subfield code="c">9949</subfield>
    <subfield code="d">9949</subfield>
  </datafield>
</record>
